000 08046naa a2200745 4500
005 20090710144552.0
008 081006t xxu||||| |||| 00| 0 eng d
010 _aENG-94375
020 _a9780070152649
_c350.00
020 _a0070152640
_c350.00
035 _aEN-77908
035 _aB-357613
035 _aB-360283-318
037 _bDBAD / PUB
037 _bUBH
037 _bUBH
040 _adpl
_bEnglish
082 _a500
245 _aIIT master:
_bsolutions to 25 years IIT-JEE objective questions
260 _aNew Delhi
_bTata McGraw-Hill Education
_c2010
270 _a7, West Patel Nagar
_bNew Delhi
_e110 008
300 _aVarious pagings
_c23cm(pbk)
490 _aTata McGraw-Hill's Winning We Edge series
942 _adpl
_cEN
_2ddc
_h500
_mIIT
999 _c28148
_d28148